Rammstein - Toutes les musiques - Statistiques

Statistiques générales
  • Ce quiz a été pris 553 fois
  • Le résultat moyen est 42 sur 88
Statistiques - réponses
Album Titre % Correct
Du hast
85%
Rammstein Deutschland
83%
Mutter
83%
Sonne
83%
Rosenrot
81%
Zeit
81%
Reise, Reise Reise, Reise
77%
Rammstein
76%
Amerika
74%
Herzeleid
74%
Sehnsucht Sehnsucht
74%
Radio
72%
Adieu
70%
Engel
68%
Ausländer
67%
Liebe ist für alle da
66%
Mein Teil
66%
Ohne dich
62%
Mutter Mein Herz brennt
61%
Pussy
61%
Feuer frei!
60%
Ich will
60%
Angst
58%
Links 2 3 4
58%
Puppe
58%
Dicke Titten
57%
Keine Lust
56%
Liebe ist für alle da Rammlied
56%
Du riechst so gut
55%
Moskau
55%
Zick Zack
55%
Zeit Armee der Tristen
54%
Rosenrot Benzin
53%
Bück dich
52%
Te quiero puta!
52%
Mann gegen Mann
51%
Amour
50%
Sex
49%
Asche zu Asche
47%
Dalai Lama
45%
Diamant
45%
Tattoo
45%
Was ich liebe
44%
Herzeleid Wollt ihr das Bett in Flammen sehen?
44%
Zeig dich
44%
Adios
43%
Ich tu dir weh
43%
OK
43%
Seeman
43%
Los
42%
Haifisch
41%
Hallomann
41%
Giftig
40%
Heirate mich
40%
Lügen
40%
Rein raus
40%
Zwitter
40%
Morgenstern
39%
Bestrafe mich
38%
Der Meister
38%
Klavier
38%
Nebel
38%
Schwarz
38%
Tier
38%
Frühling in Paris
37%
Weit weg
37%
Eifersucht
36%
Laichzeit
36%
Spieluhr
36%
Weisses Fleisch
36%
Meine Tränen
34%
Feuer und wasser
33%
Wo bist du
33%
Spring
32%
Stein um Stein
32%
Alter mann
31%
Waidmanns Heil
31%
Das alte Leid
30%
Stirb nicht vor mir
29%
Wiener Blut
29%
Ein Lied
28%
Hilf mir
28%
Zerstören
27%
Roter Sand
24%
B******** (Bückstabü)
23%
Mehr
21%
Küss mich (Fellfrosch)
20%
Spiel mit mihr
9%
Aucun quiz correspondant
Distribution des résultats
% des personnes avec chaque résultat
Percentile par nombre de réponses
Votre historique - résultats
Vous n’avez pas pris ce quiz